Muir’s textbook of pathology (Record no. 41746)

MARC details
000 -LEADER
fixed length control field 00456nam a2200193Ia 4500
020 ## - INTERNATIONAL STANDARD BOOK NUMBER
ISBN 9780340810248
050 ## - CALL MARK
Classification number RB 111 .M85/
100 ## - STATEMENT OF RESPONSIBILITY--MAIN AUTHOR NAME
Personal name Edited by David A. Levison...[et al.]
245 #0 - TITLE STATEMENT
Title Muir’s textbook of pathology
250 ## - EDITION / VOLUME STATEMENT
Edition / Volume statement 14th ed.
260 ## - PUBLICATION, DISTRIBUTION, ETC. (IMPRINT)
Place of publication London
260 ## - PUBLICATION, DISTRIBUTION, ETC. (IMPRINT)
Name of publisher BookPower
260 ## - PUBLICATION, DISTRIBUTION, ETC. (IMPRINT)
Year of publication 2008
300 ## - PHYSICAL DESCRIPTION
Number of Pages 570 p
650 ## - SUBJECT ADDED ENTRY--TOPICAL TERM
Topical Term London
942 ## - ADDED ENTRY ELEMENTS (KOHA)
Koha item type Books
Holdings
Withdrawn status Lost status Source of classification or shelving scheme Damaged status Not for loan Permanent Location Current Location Shelving location Date acquired Accession Number Price effective from Koha item type
    Library of Congress Classification     College of Health Sciences Library College of Health Sciences Library   07/10/2025 0193658 07/10/2025 Books
    Library of Congress Classification     College of Health Sciences Library College of Health Sciences Library   07/10/2025 0193654 07/10/2025 Books
    Library of Congress Classification     College of Health Sciences Library College of Health Sciences Library   07/10/2025 0193657 07/10/2025 Books
    Library of Congress Classification     NILE UNIVERSITY OF NIGERIA - MAIN LIBRARY NILE UNIVERSITY OF NIGERIA - MAIN LIBRARY Items on shelf 06/03/2025 0188797 06/03/2025 Books
    Library of Congress Classification     NILE UNIVERSITY OF NIGERIA - MAIN LIBRARY NILE UNIVERSITY OF NIGERIA - MAIN LIBRARY Items on shelf 06/03/2025 0188798 06/03/2025 Books